| 000 | 01104nam a22002537a 4500 | ||
|---|---|---|---|
| 999 |
_c16759 _d16759 |
||
| 003 | AR-CdUCM | ||
| 008 | 190506b ||||| |||| 00| 0 spa d | ||
| 040 |
_aMUNICIPALIDAD PROVINCIAL DEL CUSCO _cBIBLIOTECA MUNICIPAL DEL CUSCO |
||
| 041 | _heng | ||
| 082 |
_22ed. _a631.4 / _bW86 |
||
| 100 |
_aWorthen M. S., Edmund L. _936399 |
||
| 245 |
_aSuelos agrícolas : _bsu conservación y fertilización / |
||
| 260 |
_aMéxico, D.F : _bUTEHA, _c1959. |
||
| 300 |
_a416 páginas ; _bfiguras, ilustraciones, tablas, _c23 cm. |
||
| 440 |
_aBiblioteca Técnica de Agricultura y Ganadería. _921394 |
||
| 505 | _aContenido: El suelo que nos alimenta -- Los suelos, el clima y las cosechas -- El conocimiento del suelo -- Las labores de preparación, siembra y cultivo -- Empleo de fertilizantes para lograr altos rendimientos ... | ||
| 650 |
_aConservación de suelos _936400 |
||
| 650 |
_aCultivos _920217 |
||
| 650 |
_aFertilizaciones _936401 |
||
| 700 |
_aAldrich D., Samuel R. (coautor) _936402 |
||
| 700 |
_aLoma, Jose Luis de la (traducción) _936403 |
||
| 942 |
_2ddc _cLIBROS |
||
| 945 |
_aachl _d2019-05-06 |
||